Регионална библиотека "Любен Каравелов" - Русе

Ватикан (Запис номер 208658)

MARC детайли
000 -Лидер
Контролно поле с фиксирана дължина nkm a22 a 4500
003 - Код на организацията, давaща контролен номер
Контролно поле BLK
005 - Дата и час на последна редакция
Контролно поле 20210212084153.0
008 - Елементи от данни с фиксирана дължина
fixed length control field 180412b bul rap|r|||| r0| ||bulo|
010 ## - Наследен системен номер
LC control number KNG00046236000
020 ## - Международен стандартен номер на книга ISBN
Международен стандартен номер на книга ISBN 5-85050-168-1
040 ## - Източник на каталожния запис
Идентификатор на билиотеката - собственик на записа BLK
041 ## - Код за език
Код за езика на текст/звукозапис или на отделно заглавие Руски
Код за езика КДБФ Руски
080 ## - УДК
Текстов определител УДК Живопис
УДК код - определител по УДК 75
УДК определител (456.31)
УДК - код + определител 75(456.31)
100 1# - Редна дума - Автор
Автор Пьетранджели, Карло
Авторска отговорност първи автор
R(LIN) 113730
139 ## - Редно поле
Редна дума Пьетранджели, Карло
Авторски знак Пш - П 95
245 10 - Сведения за заглавието
Заглавие Ватикан
Редно поле (дума) Карло Пьетранджели.
257 ## - Страна на издаване
Страна на създаване/издаване Русия
260 ## - Област на издателските данни
Място на издаване, разпространение и проч. Москва
Име на издателя, разпространителя и проч. Слово
Година на издаване 1998
300 ## - Физическа характеристика
Страници 608 с
Илюстрации и др. с цв. ил.
Размери/Мащаб 31 см
380 ## - Жанр
Жанр Изкуство
490 1# - СЕРИИ (Колекции)
Име на серия Великие музеи мира
500 ## - Общи забележки
Забележка Биогр. на художниците. - Библиогр. с. 589-595. - Именен показалец. - Тематичен показалец.
650 #4 - Допълнително описание по предмет – тема
Основно описание – тема или топоним Музеи - Ватикан
9 (RLIN) 308848
650 #4 - Допълнително описание по предмет – тема
Основно описание – тема или топоним Живопис - Ватикан
9 (RLIN) 351508
650 #4 - Допълнително описание по предмет – тема
Основно описание – тема или топоним Живопис - галерии, изложби, колекции и музеи
9 (RLIN) 254628
653 ## - Ключова дума – ненормативна
Ключова дума Ватикан
653 ## - Ключова дума – ненормативна
Ключова дума изобразително изкуство
653 ## - Ключова дума – ненормативна
Ключова дума живопис
653 ## - Ключова дума – ненормативна
Ключова дума музеи
653 ## - Ключова дума – ненормативна
Ключова дума албуми
852 ## - Местоположение
Форматна сигнатура Цб ІІ 27072
856 4# - Електронен адрес и достъп
Електронен формат pdf - файл
Път до файла /url/
856 4# - Електронен адрес и достъп
Електронен формат pdf - файл
Път до файла /url/
999 ## - СИСТЕМНИ КОНТРОЛНИ НОМЕРА
Koha biblionumber 208658
Koha biblioitemnumber 208658
942 ## - АРТИКУЛИ
Вид на библиотечния материал Графични издания
Скрит в OPAC Не
Koha issues (borrowed), all copies 2
Периодичен библиозапис Да
944 ## - СЪЗДАВАНЕ И РЕДАКЦИЯ на ЗАПИСА
Създаване/Редакция Създаване
Дата на регистрацията/редакция 01.01.1999
Служител, извършил регистрацията/редакцията Ирена_Линкова
944 ## - СЪЗДАВАНЕ И РЕДАКЦИЯ на ЗАПИСА
Създаване/Редакция Редакция
Дата на регистрацията/редакция 31.05.2012
999 ## - СИСТЕМНИ КОНТРОЛНИ НОМЕРА
Koha biblioitemnumber 208658
Наличности
Код за отписване Код за изгубен артикул Източник на класификационната схема Код за повреда Коз за рестрикции Код за отдаване Артикулен № Име на библиотеката - собственик Име на библиотеката, в която се намира в момента Статус (Текущо местоположение) Дата на вписване в системата Местоположение - отдел Цена в лева Инвентарен номер Систематично азбучна сигнатура Баркод Номер на екземпляра Цена в евро Служебна бележка Служебен тип на артикула
  Не е изгубен Universal Decimal Classification Не е повреден без рестрикции заемане за дома 359759 Регионална библиотека "Любен Каравелов" Русе Регионална библиотека "Любен Каравелов" Русе Отдел Изкуство - подръчен фонд 2001-01-01 Отдел Изкуство - подръчен фонд 0.00 651379 75/П 95 120000651379 1 0.00 Дост: Pk Вид: Ф N: стар фонд Дата: 01.01.1998 Дата инв: 03.06.2015 Бележки инв: ГрИ2015 Графични издания
  Не е изгубен Universal Decimal Classification Не е повреден само за читалня ползва се в читалня 359760 Регионална библиотека "Любен Каравелов" Русе Регионална библиотека "Любен Каравелов" Русе Хранилище 2001-01-01 Основен фонд - ползва се само за читалня 0.00 651380 Цб ІІ 27072 120000651380 2 0.00 Дост: Pk Вид: Ф N: стар фонд Дата: 01.01.1998 Графични издания
Vip Innovations Ltd, Rousse, Bulgaria 2025